000 00325nam a22001217a 4500
040 _cSY
082 _a589
100 _aKUY SOPHAL
245 _aCryptogames and gymnosperms, ផ្នែកគ្រីបតូកាម និង ស៊ីមណូស្ពែម
260 _aRUA
_bKUY
_c1994
300 _a83p.
942 _cKB
999 _c9622
_d9622